[Event "GER-ch U25-C"]
[Site "Willingen"]
[Date "2023.06.01"]
[Round "7"]
[White "Liu, Kairui"]
[Black "Andrade, Levin"]
[Result "0-1"]
[WhiteElo "1024"]
[BlackElo "840"]
[PlyCount "100"]
[EventDate "2023.05.27"]
[EventType "swiss"]
[EventRounds "9"]
[EventCountry "GER"]
[SourceTitle "CBM 214 Extra"]
[Source "ChessBase"]
[SourceDate "2023.07.31"]
[SourceVersion "1"]
[SourceVersionDate "2023.07.31"]
[SourceQuality "1"]

1. e4 e5 2. Nf3 Nc6 3. Bc4 Bc5 4. c3 Nf6 5. d4 exd4 6. cxd4 Bb4+ 7. Bd2 Bxd2+ 8. Nbxd2 d5 9. exd5 Nxd5 10. 0-0 0-0 11. Rc1 Nce7 12. Qc2 h6 13. Qb3 c6 14. Rfe1 Qb6 15. Bxd5 Nxd5 16. Qxb6 axb6 17. a3 Bf5 18. Nc4 Rad8 19. Ne3 Nxe3 20. fxe3 Rfe8 21. Rc3 g5 22. Rb3 g4 23. Ne5 f6 24. Nd3 Bxd3 25. Rxd3 f5 26. Rf1 Rd5 27. Rf4 c5 28. Rc3 cxd4 29. exd4 Re1+ 30. Kf2 Rd1 31. Rb3 R1xd4 32. Rxd4 Rxd4 33. Rxb6 Rd7 34. h3 h5 35. h4 Rg7 36. g3 Rf7 37. Rb4 Kg7 38. Ke3 Re7+ 39. Kf4 Kf6 40. Rb6+ Re6 41. Rxe6+ Kxe6 42. Kg5 Ke5 43. Kxh5 Ke4 44. Kg5 f4 45. Kxg4 f3 46. h5 f2 47. h6 f1Q 48. Kg5 Qf5+ 49. Kh4 Kf3 50. h7 Qg4# 0-1

[Event "GER-ch U25-C"]
[Site "Willingen"]
[Date "2023.05.29"]
[Round "3"]
[White "Andrade, Levin"]
[Black "Lola, Ioanna Maria"]
[Result "1-0"]
[WhiteElo "840"]
[BlackElo "1024"]
[PlyCount "35"]
[EventDate "2023.05.27"]
[EventType "swiss"]
[EventRounds "9"]
[EventCountry "GER"]
[SourceTitle "CBM 214 Extra"]
[Source "ChessBase"]
[SourceDate "2023.07.31"]
[SourceVersion "1"]
[SourceVersionDate "2023.07.31"]
[SourceQuality "1"]

1. e4 d6 2. d4 Nf6 3. Nc3 Nbd7 4. Nf3 e5 5. dxe5 dxe5 6. Bc4 h6 7. Be3 Be7 8. Qd2 0-0 9. h3 Re8 10. g4 Nh7 11. Bxh6 gxh6 12. Qxh6 Rf8 13. g5 Kh8 14. g6 fxg6 15. Qxg6 Qe8 16. Qh6 Rxf3 17. Rg1 Ndf6 18. Qg7# 1-0